| 000 | 00537nam a2200169 4500 | ||
|---|---|---|---|
| 001 | 124098 | ||
| 003 | ES-MaACL | ||
| 005 | 20230906192324.0 | ||
| 007 | t| | ||
| 008 | 070214s1925 sp r ||||1| spa d | ||
| 100 | 1 |
_aRapallo y Orts, Ángel. _995448 |
|
| 245 | 1 | 0 |
_aProntuario legislativo agrícola / _cpor Angel Rapallo y Orts ; precedido de un prólogo de Emilio Vellando Visent. |
| 260 |
_aMadrid : _bGóngora, _c1925. |
||
| 300 |
_a654 p. ; _c18 cm. |
||
| 700 | 1 |
_aVellando, Emilio. _9113851 |
|
| 852 |
_aES-MaACL _jB-8418 _bR.19629 |
||
| 999 |
_c124098 _d124098 |
||